00161 a2200061 4500100001600000245003300016260005000049 aMirasdar M. aश्रीकृष्ण  bBharatiya Vichar Sadhana Pune Prakashanc2015